000 00766nas a2200253 4500
001 BR2015004984
003 BR-BrBNA
005 20231205125658.0
007 ta
008 230509b bl.|||p| |||| 00| 00por d
040 _aBR-BrBNA
_bpor
_cBiblioteca Nacional de Agricultura
041 _a(Pt)
072 _aF06
100 1 _aRodrigues, R.R.
100 1 _aPizetta, S.C.
100 1 _aReis, E.F. dos
100 1 _aGarcia, G. de O.
245 1 _aDisponibildiade hídrica no solo no desenvolvimento inicial do cafeeiro conilon
650 _aCOFFEA CANEPHORA
650 _aIRRIGAÇAO
773 0 _tCoffee Science (Brazil)
_xISSN 1809-6875
_g(Jan-Mar 2015), v.10(1) p. 46-55
_wBR2015004984
909 _a202311
_bLúcia
_c55
_dLúcia Elande
942 _2AGRIS
_n0
_cANA
999 _c245529
_d245529